Student's favourite Dictionary(English to Bangla) (Record no. 3283)

MARC details
000 -LEADER
fixed length control field 00351nam a22001457a 4500
005 - DATE AND TIME OF LATEST TRANSACTION
control field 20160620141706.0
008 - FIXED-LENGTH DATA ELEMENTS--GENERAL INFORMATION
fixed length control field 160620b xxu||||| |||| 00| 0 eng d
041 ## - LANGUAGE CODE
Language code of text/sound track or separate title eng
082 ## - DEWEY DECIMAL CLASSIFICATION NUMBER
Item number 8556
100 ## - MAIN ENTRY--AUTHOR NAME
Personal name Kutur, Dev Salidya
245 ## - TITLE STATEMENT
Title Student's favourite Dictionary(English to Bangla)
260 ## - PUBLICATION, DISTRIBUTION, ETC. (IMPRINT)
Name of publisher Dev's
Year of publication 2009
300 ## - PHYSICAL DESCRIPTION
Number of Pages 1119
942 ## - ADDED ENTRY ELEMENTS (KOHA)
Koha item type Books
Holdings
Lost status Damaged status Collection code Home library Current library Shelving location Date acquired Cost, normal purchase price Full call number Accession Number Koha item type
    LIFE SKILL JRU Library JRU Library SHELF-103-B 20/06/2016 230.00 8556 8556 Books